00480nam a2200133 a 450000100100000000500170001000800410002704000250006804100130009308200150010624501110012126000720023230000420030400003216920200930063505.0110713s1975 dr abc 000 0 spa d aDO-SdBNPbspacBNPHU1 aspabeng axxxxbE56b00aSanto Domingo : cuna de la civilización americana = Santo Domingo : cradle of the American Civilization. aSanto Domingo :bBanco Central de la República Dominicana,c1975. a108 p. :bil., mapa, retrs. ;c21 cm.